000 01917cam a22003494a 4500
001 14115648
005 20210414114120.0
008 050921s2007 nyuab b 001 0 eng
010 _a 2005027560
020 _a0072830646 (hardcover : alk. paper)
020 _a0073215775
020 _a9780072830644
035 _a(OCoLC)ocm61724392
040 _aDLC
_cDLC
_dYDX
_dBAKER
_dDLC
042 _apcc
050 0 0 _aQH91.C37
082 0 0 _a578.77
_222
100 1 _aCastro, Peter.
245 1 0 _aMarine biology. /
_cPeter Castro, Michael E. Huber ; original artwork by William Ober and Claire Garrison.
250 _a6th ed.
260 _aNew York :
_bMcGraw-Hill Higher Education,
_cc2007.
300 _axix, 460 p.:
_bill. (chiefly col.), col. maps ;
_c29 cm.
504 _aIncludes bibliographical references and index.
505 _aContents: The Science of marine biology -- The Sea floor -- Chemical and physical features of seawater and the world ocean --Fundamentals of biology -- The Microbial world -- Multicellular primary producers: seaweeds and plants -- Marine animals without backbone -- Marine fishes -- Marine reptiles, birds and mammals -- An Introduction to marine ecology -- Between the tides --Estuaries: where rivers meet the sea -- Life on the continental shelf -- Coral reefs -- Life near the surface -- The Ocean depths -- Resources from the sea -- The Impact of humans on the marine environment -- The Oceans and human affairs -- Appendixes.
650 0 _aMarine biology.
700 1 _aHuber, Michael E.
856 4 1 _3Table of contents only
_uhttp://www.loc.gov/catdir/toc/ecip0519/2005027560.html
856 4 2 _3Publisher description
_uhttp://www.loc.gov/catdir/enhancements/fy0643/2005027560-d.html
906 _a7
_bcbc
_corignew
_d1
_eecip
_f20
_gy-gencatlg
942 _2lcc
_cBK
999 _c2043
_d9543